| 000 | 00757nam a2200253 a 4500 | ||
|---|---|---|---|
| 999 |
_c5840 _d5840 |
||
| 001 | 16521 | ||
| 003 | BD-DhUAP | ||
| 005 | 20210120111613.0 | ||
| 008 | 201221s2004 at 001 0 eng d | ||
| 020 | _a8131500020 | ||
| 020 | _a9788131500026 | ||
| 040 |
_aDLC _cDLC _dBD-DhUAP _beng |
||
| 082 | 0 | 0 |
_a658.15 BRI _223 |
| 100 | 1 |
_aBrigham, Eugene F. _926417 |
|
| 245 | 1 | 0 |
_aFundamentals of financial management / _cEugene F. Brigham and Joel F. Houston. |
| 250 | _a10th ed. | ||
| 260 |
_aAustralia : _bThomson, _cc2004. |
||
| 300 |
_avarious pages : _billustrations ; _c27 cm. |
||
| 504 | _aIncludes index. | ||
| 650 | 0 |
_aCorporations _xFinance. _926418 |
|
| 650 | 0 |
_aBusiness enterprises _xFinance. _926419 |
|
| 700 | _aHouston, Joel F. | ||
| 942 | 0 | 0 |
_2ddc _cBK |